00326nam a22001097a 4500082002900000100003100029245004500060260004700105300001900152526003700171650000800208 a923.754bSYEcL-27, P-14 aSaiyid Samad Hussain Rizvi aSyed Shaukat Hussain Zaidi "In Memoriam" aKarachibOfficit Press Meclod Road Karachi a158 P, 32 P, : a0b0c0d923_754000000000000_SYE aMCE